| 000 | 01599nam a2200409 a 4500 | ||
|---|---|---|---|
| 001 | 000026493 | ||
| 003 | DO-SdBNP | ||
| 005 | 20221003093130.0 | ||
| 007 | 000026493 | ||
| 008 | 110321s2011 dr a 000 0 spa d | ||
| 020 | _z9993445118 | ||
| 040 |
_aBPMSU _bspa _cBPMSU |
||
| 082 | 4 |
_a460.7 _bG216c, 2011 |
|
| 100 | 1 | _aGarcía Molina, Bartolo | |
| 245 | 1 | 0 |
_aCompetencias comunicativas : _blengua española para nivelación / _cBartolo García Molina. |
| 246 | _aLengua española para nivelación | ||
| 250 | _a3ª ed. | ||
| 260 |
_aSanto Domingo : _bSurco, _c2011. |
||
| 300 |
_a213 p. : _bil. ; _c22 cm. |
||
| 500 | _aIncluye datos biográficos del autor en la solapa de la cubierta. | ||
| 504 | _aBibliografía: p. 211-213. | ||
| 505 | 0 |
_tCompetencias comunicativas -- _tExpresión oral y competencia lectora _tDelicias orales, confrontación textual, uso de la coma y de las comillas -- _tIntuición oracional, uso del punto y otros signos -- _tEl ritmo, metacognición, usos de b-v -- _tTrabalenguas y usos de c-s-z -- _tAprendiendo a escuchar, uso de g-j-ll-h-y, verbos terminado en ear-iar -- _tBibliografía. |
|
| 650 | 4 |
_aESPAÑOL _xENSEÑANZA |
|
| 650 | 4 | _aLENGUAJE Y LENGUAS | |
| 650 | 4 | _aCOMUNICACIÓN | |
| 650 | 4 | _aLECTURA | |
| 910 | _aValidado. Control de calidad EMS | ||
| 930 | 1 |
_l _m _h _8 _f _p _g _h |
|
| 930 | 1 |
_l _m _h _8 _f _p _g |
|
| 930 | 1 |
_l _m _h _8 _f _p _g _h |
|
| 942 |
_2ddc _cBK |
||
| 945 | _a Inventariado / 2017 VM | ||
| 956 |
_a _b _c _l _h |
||
| 956 |
_a _b _c _l _h |
||
| 956 |
_a _b _c _l _h |
||
| 956 |
_aVMATEO _b10 _c20150306 _lBPMSU _h00151 |
||
| 999 |
_c7559 _d7559 |
||